<?xml version="1.0" encoding="UTF-8"?>
<collection xmlns="http://www.loc.gov/MARC21/slim">
 <record>
  <leader>00502nam a22001575a 4500</leader>
  <controlfield tag="001">EHU.bham048708</controlfield>
  <controlfield tag="005">20111020171035.0</controlfield>
  <controlfield tag="008">111020s1962####ag############000#0#und#d</controlfield>
  <datafield tag="100" ind1="1" ind2=" ">
   <subfield code="a">Lenin, V. I.</subfield>
  </datafield>
  <datafield tag="245" ind1="0" ind2="0">
   <subfield code="a">Lenin contra el revisionismo y el dogmatismo /</subfield>
   <subfield code="c">V. I. Lenin.</subfield>
  </datafield>
  <datafield tag="260" ind1=" " ind2=" ">
   <subfield code="a">Buenos Aires :</subfield>
   <subfield code="b">Editorial Anteo,</subfield>
   <subfield code="c">1962.</subfield>
  </datafield>
  <datafield tag="300" ind1=" " ind2=" ">
   <subfield code="a">127 p.</subfield>
  </datafield>
  <datafield tag="653" ind1=" " ind2=" ">
   <subfield code="a">Marxismo</subfield>
  </datafield>
  <datafield tag="653" ind1=" " ind2=" ">
   <subfield code="a">II Internacional</subfield>
  </datafield>
  <datafield tag="653" ind1=" " ind2=" ">
   <subfield code="a">Revolución proletaria</subfield>
  </datafield>
  <datafield tag="859" ind1=" " ind2=" ">
   <subfield code="a">AR-BHAM</subfield>
   <subfield code="b">BIB. HUMANIDADES - Donacion Lejarraga</subfield>
   <subfield code="h">MFN002927</subfield>
   <subfield code="p">002927.19</subfield>
  </datafield>
 </record>
</collection>
